[Event "Yvelines-ch"]
[Site "Fontenay le Fleury"]
[Date "2003.02.15"]
[Round "6.23"]
[White "Gahagnon, Jacques"]
[Black "Morvan, Denis"]
[Result "0-1"]
[WhiteElo "1540"]
[BlackElo "1890"]
[PlyCount "54"]
[EventDate "2003.02.17"]
[EventType "swiss"]
[EventRounds "7"]
[EventCountry "FRA"]
[SourceTitle "EXT 2004"]
[Source "ChessBase"]
[SourceDate "2003.11.25"]
[SourceVersion "1"]
[SourceVersionDate "2003.11.25"]
[SourceQuality "1"]

1. d4 Nf6 2. Nf3 d5 3. e3 e6 4. Bd3 Nbd7 5. Nbd2 c5 6. c3 Bd6 7. 0-0 0-0 8. Qe2 b6 9. e4 dxe4 10. Nxe4 Be7 11. Bg5 Bb7 12. Nxf6+ Bxf6 13. Bxf6 Qxf6 14. Ne5 Rfd8 15. Bb5 Nxe5 16. dxe5 Qg6 17. g3 Qf5 18. f4 h5 19. Ba4 Qh3 20. Bc2 Ba6 21. c4 Rd4 22. b3 Bb7 23. Rad1 Rad8 24. Rxd4 cxd4 25. Rd1 h4 26. g4 Bf3 27. Rxd4 Qxg4+ 0-1

[Event "Yvelines-ch"]
[Site "Fontenay le Fleury"]
[Date "2003.02.14"]
[Round "5.18"]
[White "Morvan, Denis"]
[Black "Duval, Sylvain"]
[Result "0-1"]
[WhiteElo "1890"]
[BlackElo "1770"]
[PlyCount "142"]
[EventDate "2003.02.17"]
[EventType "swiss"]
[EventRounds "7"]
[EventCountry "FRA"]
[SourceTitle "EXT 2004"]
[Source "ChessBase"]
[SourceDate "2003.11.25"]
[SourceVersion "1"]
[SourceVersionDate "2003.11.25"]
[SourceQuality "1"]

1. e4 c5 2. d4 cxd4 3. c3 dxc3 4. Nxc3 Nc6 5. Nf3 e6 6. Bc4 d6 7. 0-0 Nf6 8. Qe2 Qc7 9. Bg5 Be7 10. Nb5 Qb8 11. Rfd1 e5 12. Bxf6 gxf6 13. h3 Rg8 14. Kh1 f5 15. Qd3 fxe4 16. Qxe4 Rg6 17. Bd5 Bd7 18. Rac1 a6 19. Nc3 Qc8 20. Ng1 Bg5 21. f4 Bxf4 22. Rf1 Bf5 23. Qc4 Qd7 24. Rce1 Be6 25. b4 Ke7 26. Na4 Rag8 27. Rxf4 exf4 28. Nb6 Qd8 29. Bxe6 fxe6 30. Nd5+ Kd7 31. Nxf4 Ne5 32. Qe4 Rf6 33. Qxh7+ Rf7 34. Qe4 Qb6 35. Rd1 Ke7 36. Nge2 Qc6 37. Qe3 Qc2 38. Rc1 Qf5 39. Rc7+ Nd7 40. Rxb7 Qb1+ 41. Kh2 Qxa2 42. Qa7 Rd8 43. Qe3 Qc4 44. Ng6+ Ke8 45. Nef4 e5 46. Nh5 Qd5 47. Rxd7 Rdxd7 48. Qh6 Kd8 49. Qh8+ Kc7 50. Nf6 Rxf6 51. Qxf6 Qf7 52. Qg5 Qf2 53. Qg4 Qd4 54. Qxd4 exd4 55. Nf4 Kc6 56. g4 Kb5 57. Nd5 d3 58. Kg3 Rf7 59. g5 d2 60. Ne3 Kxb4 61. h4 a5 62. g6 Rg7 63. h5 a4 64. Kf3 a3 65. Ke2 a2 66. Kxd2 Kb3 67. Nc2 Kb2 68. Kd3 d5 69. Kd2 Rc7 70. Na1 Kxa1 71. h6 Kb1 0-1